书目信息 |
| 题名: |
锅炉烟气袋式除尘技术
|
|
| 作者: | 嵇敬文 , 陈安琪 编著 | |
| 分册: | ||
| 出版信息: | 北京 中国电力出版社 2006.08 |
|
| 页数: | 113页 | |
| 开本: | 26cm | |
| 丛书名: | ||
| 单 册: | ||
| 中图分类: | TK229.6 | |
| 科图分类: | ||
| 主题词: | 燃煤锅炉--ran mei guo lu--消烟除尘 | |
| 电子资源: | ||
| ISBN: | 7-5083-4383-2 | |
| 000 | 00865nam0 2200241 450 | |
| 001 | 012007811735 | |
| 005 | 20071226154752.65 | |
| 010 | @a7-5083-4383-2@dCNY13.00 | |
| 100 | @a20071226d2006 km y0chiy0120 ea | |
| 101 | 0 | @achi |
| 102 | @aCN@b110000 | |
| 105 | @aa z 000yy | |
| 106 | @ar | |
| 200 | 1 | @a锅炉烟气袋式除尘技术@Aguo lu yan qi dai shi chu chen ji shu@f嵇敬文, 陈安琪编著@Fji jing wen,chen an qi bian zhu |
| 210 | @a北京@c中国电力出版社@d2006.08 | |
| 215 | @a113页@c图@d26cm | |
| 330 | @a本书内容着重实用,以介绍袋式除尘器的构造和部件、技术数据、运行要点为主,兼及国外应用情况和技术动向,同时精选了一些典型实例进行分析。 | |
| 606 | 0 | @a燃煤锅炉@Aran mei guo lu@x消烟除尘 |
| 690 | @aTK229.6@v4 | |
| 701 | 0 | @a嵇敬文@Aji jing wen@4编著 |
| 701 | 0 | @a陈安琪@Achen an qi@4编著 |
| 801 | 0 | @aCN@bQSSK@c20071226 |
| 905 | @b272150-52@dTK229.6@eJ051@f3 | |
| 锅炉烟气袋式除尘技术/嵇敬文, 陈安琪编著.-北京:中国电力出版社,2006.08 |
| 113页:图;26cm |
| ISBN 7-5083-4383-2:CNY13.00 |
| 本书内容着重实用,以介绍袋式除尘器的构造和部件、技术数据、运行要点为主,兼及国外应用情况和技术动向,同时精选了一些典型实例进行分析。 |
| ● |
| 相关链接 |
|
|
|
正题名:锅炉烟气袋式除尘技术
索取号:TK229.6/J051
 
预约/预借
| 序号 | 登录号 | 条形码 | 馆藏地/架位号 | 状态 | 备注 |
| 1 | 272150 | 202721509 | 自科库501/501自科库 136排5列4层/ [索取号:TK229.6/J051] | 在馆 | |
| 2 | 272151 | 202721518 | 自科库501/501自科库 136排5列4层/ [索取号:TK229.6/J051] | 在馆 | |
| 3 | 272152 | 202721527 | 自科库501/501自科库 136排5列4层/ [索取号:TK229.6/J051] | 在馆 |